| 000 | 01037nam a2200277Ia 4500 | ||
|---|---|---|---|
| 003 | OSt | ||
| 005 | 20220916110922.0 | ||
| 006 | a|||||r|||| 00| 0 | ||
| 007 | ta | ||
| 008 | 220915b |||||||| |||| 00| 0 ben d | ||
| 024 | _a213643 | ||
| 037 | _cTextbook | ||
| 040 |
_bben _aARTS _cARTS |
||
| 041 | _aben | ||
| 082 | _aO157,3N26,12, 152M4 | ||
| 100 | _aमहाश्वेता, देवी; | ||
| 245 | 0 | _aशाल-गिरह की पुकार पर | |
| 246 | _aShāla-girah kī pukār para | ||
| 260 |
_aदिल्ली _bराधाकृष्ण प्रका0 _c1980 |
||
| 300 |
_a184पृ0 _ccm. |
||
| 650 | _aबंगाली साहित्य | ||
| 700 | _aसिन्हा, प्रमोद कुमार, अनु. | ||
| 942 |
_hO157,3N26,12, 152M4 _cTB _2CC |
||
| 999 |
_c101390 _d101390 |
||